| 000 | 00379cam a2200157ua 4500 | ||
|---|---|---|---|
| 041 |
_aeng _h |
||
| 082 |
_a636 _bHAM/FA |
||
| 100 | _aHammond, John . | ||
| 245 |
_aFarm Animals / _cJohn Hammond. _hTextual Documents |
||
| 250 |
_a2 / _b. |
||
| 260 |
_aLondon : _bEdward Arnold Publishers Ltd , _c1965. |
||
| 300 | _a322 ; . | ||
| 504 | _a | ||
| 942 | _cBK | ||
| 999 |
_c3316 _d3316 |
||